000 00487nam a2200193Ia 4500
008 240510s9999 xx 000 0 und d
020 _a0008178083299
041 _aEng
082 _a004.65
082 _bC65
100 _aCROLL A. & PACKMAN E.
245 0 _aMANAGING BANDWIDTH: DEPLOYING QOS IN ENTERPRISE NETWORKS
260 _bNEW DELHI : PEARSON
260 _c2000
300 _a426 p.
650 _aCOMPUTER NETWORKS : QUALITY OF SERVICE
942 _2ddc
942 _cRBK
999 _c27056
_d27056
945 _a1
_bMadushi Gamage
_c1
_dMadushi Gamage